| 000 | 00808cam a2200205Ki 4500 | ||
|---|---|---|---|
| 020 | _a9781441961327 (electronic bk.) | ||
| 020 | _a1441961321 (electronic bk.) | ||
| 040 | _cGW5XE | ||
| 082 | 0 | 4 | _a658 ASI 2008 C149 Or. |
| 245 | 0 | 0 |
_aHandbook of global logistics : _btransportation in international supply chains / |
| 300 |
_a1 online resource : _bcolor maps. |
||
| 490 | 1 | _aInternational series in operations research & management science, | |
| 650 | 0 | _aBusiness logistics | |
| 700 | 1 | _aBookbinder, James H. | |
| 710 | 2 | _aOhio Library and Information Network. | |
| 856 | 4 | 0 | _uhttp://rave.ohiolink.edu/ebooks/ebc/9781441961327 |
| 856 | 4 | 0 | _uhttp://dx.doi.org/10.1007/978-1-4419-6132-7 |
| 856 | 4 | 0 | _uhttp://proxy.ohiolink.edu:9099/login?url=http://dx.doi.org/10.1007/978-1-4419-6132-7 |
| 942 | _cAEDBB | ||
| 999 |
_c18609 _d18609 |
||